[Event "Fiuggi op"]
[Site "Fiuggi"]
[Date "2000.10.21"]
[Round "4"]
[White "Cetkovic, Sergio"]
[Black "Santoro, Luca"]
[Result "1-0"]
[WhiteElo "2192"]
[BlackElo "1747"]
[PlyCount "71"]
[EventDate "2000.10.20"]
[EventType "swiss"]
[EventRounds "6"]
[EventCountry "ITA"]
[SourceTitle "EXT 2024"]
[Source "ChessBase"]
[SourceDate "2023.10.10"]
[SourceVersion "1"]
[SourceVersionDate "2023.10.10"]
[SourceQuality "1"]

1. e4 c5 2. Nf3 d6 3. Bb5+ Nd7 4. d4 cxd4 5. Nxd4 a6 6. Bc4 Ngf6 7. Nc3 e6 8. 0-0 b5 9. Bd3 Bb7 10. a3 Nc5 11. Qe2 Be7 12. Kh1 Rc8 13. f4 d5 14. e5 Nfe4 15. f5 0-0 16. f6 gxf6 17. Bh6 Kh8 18. Bxf8 Qxf8 19. Bxe4 Nxe4 20. exf6 Bc5 21. Nf3 Nxc3 22. bxc3 Qh6 23. Ne5 Rc7 24. a4 b4 25. Rab1 Bd6 26. Rxb4 Qg5 27. Nf3 Qxf6 28. Rb3 Qf4 29. g3 Qg4 30. Kg2 Kg7 31. Rb4 Qf5 32. Nd4 Qg6 33. Rb6 e5 34. Rxd6 Qe4+ 35. Qxe4 dxe4 36. Nf5+ 1-0